000 00512nam a2200193 a 4500
001 1770460530582
003 YourLibrary
005 20260207160836.0
008 260207s2003##################000#0#eng##
020 _a9780520240711
082 0 4 _a306.36209599
_bSAL
100 1 _aSalman, Michael,
_eauthor.
245 1 0 _aThe Embarrassment of Slavery :
260 _bUniv of California Press,
_c2003.
300 _a352 pages
650 0 _aHistory.
942 _cENGLISH
040 _aYourLibrary
_beng
_cYourLibrary
999 _c611254
_d611254